Statistics for Is__a country? #2

Click here to take the quiz!

General Stats

  • This quiz has been taken 56 times
    (51 since last reset)
  • The average score is 14 of 15

Answer Stats

QuestionAnswer% Correct
Is Europe a country?No
100%
Is WterflyhighyeaNo
100%
Is Paris a country?No
100%
Is United states of america a country?Yes
100%
Is Monaco a country?Yes
100%
Is Alaska a country?No
98%
Is Victoria a county?No
98%
Is Yukon a country?No
98%
Is Antarctica a country?No
94%
Is Tonga a country?Yes
94%
Is Vanuatu a country?Yes
91%
Is Samoa a country?Yes
89%
Is Saint Lucia a country?Yes
87%
Is Saint Martin a country?No
85%
Is Comoros a country?Yes
83%

Score Distribution

Percentile by Number Answered

Percent of People with Each Score

Your Score History

You have not taken this quiz since the last reset